000 02152cam a22004814i 4500
003 PE-LiUPU
005 20250731184554.0
008 150625s r 000 0 d
020 _a9972752704
035 _a(Sirsi) i9789972752704
040 _aPE-LiUPU
_bspa
_cPE-LiUPU
_erda
082 0 4 _a909
_bS18
_221
110 2 _aSalvat Editores
245 1 0 _aBaja Edad Media y Renacimiento.
_n11 /
_cSalvat Editores.
264 1 _aLima :
_bSalvat Editores,
_c2005.
300 _a424 páginas :
_bilustraciones, fotos, mapas, diagrs ;
_c22 cm.
336 _atext
_2rdacontent
337 _aunmediated
_2rdamedia
338 _avolume
_2rdacarrier
490 0 _aHistoria Universal ;
_v11
504 _aIncluye referencias bibliográficas al final de cada artículo.
505 0 _aDesarrollo y consolidación de la monarquía francesa. -El sistema constitucional en Inglaterra. -Desapaarición del Imperio como realidad. -La guerra de los Cien años. -Crisis en la Iglesia en los siglos XIV y XV. -Los pueblos del norte y del este de Europa. -Plataforma social del Renacimiento, el Humanismo y la definición de la Modernidad. -Tiranías y humanismo del siglo XIV. Cola di Rienzo. Petrarca. -El capitalismo inicial y la formación de la sociedad moderna. -El Renacimiento italiano en el siglo XV. -Avance de los turcos en Europa en los siglos XV y XVI.
526 _aP136
526 _aP135
526 _aP134
526 _aP133
526 _aP144
526 _aP143
526 _aP87
526 _aP35
526 _aP20
526 _aP14
526 _aP10
526 _aP06
650 1 4 _aRenacimiento
_xHistoria.
650 2 4 _aIglesia
_xHistoria
_ySiglo XIV-XV.
910 _baj
_ceq-sm
_d20050829
942 _2ddc
_cBOOK
949 _a909 S18 11
_wDEWEY
_c1
_i55687
_lCCODEBUL1
_mBUL
_p6.00
_r0
_sY
_tBOOK
_u2015-06-25
_xBIBLIOTECA
_zUNKNOWN
_0COMPRA
_o.STAFF. Colección General
596 _a1
999 _a909 S18 11
_wDEWEY
_c44546
_i55687
_f2021-11-9
_g6
_lCCODEBUL1
_mBUL
_p6.00
_r0
_sY
_tBOOK
_u2015-6-25
_xEDUCACION
_zUNKNOWN
_0COMPRA
_o.STAFF. Colección General
_d44546
980 _81
_gALBERTO SANCHEZ Responsable de Automatización